BIBLIOTECA

SENCICO

Wwa arquitectura : (Registro nro. 117)

Detalles MARC
000 -LEADER
fixed length control field 01013nam a2200325Ia 4500
003 - CONTROL NUMBER IDENTIFIER
control field PE SENCICO BE
005 - DATE AND TIME OF LATEST TRANSACTION
control field 20251020182426.0
008 - FIXED-LENGTH DATA ELEMENTS--GENERAL INFORMATION
fixed length control field 200515s9999 xx 000 0 und d
020 ## - INTERNATIONAL STANDARD BOOK NUMBER
International Standard Book Number 978-9962-04-746-9
040 ## - CATALOGING SOURCE
Original cataloging agency PE SENCICO BE
Transcribing agency PE SENCICO BE
041 ## - LANGUAGE CODE
Language code of text/sound track or separate title spa
082 ## - DEWEY DECIMAL CLASSIFICATION NUMBER
Classification number 720.92
Item number A81
100 1# - MAIN ENTRY--PERSONAL NAME
9 (RLIN) 816
Personal name Asensio, Óscar
Relator term autor
245 10 - TITLE STATEMENT
Title Wwa arquitectura :
Remainder of title 30 arquitectos más relevantes de América Latina /
Statement of responsibility, etc. Óscar Asensio
250 ## - EDITION STATEMENT
Edition statement [1a ed.]
260 ## - PUBLICATION, DISTRIBUTION, ETC.
Place of publication, distribution, etc. [Barcelona] :
Name of publisher, distributor, etc. Lexus,
Date of publication, distribution, etc. 2020
300 ## - PHYSICAL DESCRIPTION
Extent 336 p. :
Other physical details ilustraciones a color, láminas ;
Dimensions 26 cm.
650 10 - SUBJECT ADDED ENTRY--TOPICAL TERM
Topical term or geographic name entry element Arquitectos
9 (RLIN) 282
650 20 - SUBJECT ADDED ENTRY--TOPICAL TERM
Topical term or geographic name entry element Arquitectura de viviendas
9 (RLIN) 370
650 20 - SUBJECT ADDED ENTRY--TOPICAL TERM
Topical term or geographic name entry element Arquitectura moderna
9 (RLIN) 191
650 20 - SUBJECT ADDED ENTRY--TOPICAL TERM
Topical term or geographic name entry element Diseño arquitectónico
9 (RLIN) 18
650 20 - SUBJECT ADDED ENTRY--TOPICAL TERM
Topical term or geographic name entry element Edificios
9 (RLIN) 519
650 20 - SUBJECT ADDED ENTRY--TOPICAL TERM
Topical term or geographic name entry element Construcción
9 (RLIN) 177
650 20 - SUBJECT ADDED ENTRY--TOPICAL TERM
Topical term or geographic name entry element Arquitectura paisajista
9 (RLIN) 1409
651 10 - SUBJECT ADDED ENTRY--GEOGRAPHIC NAME
9 (RLIN) 1349
Geographic name América Latina
700 1# - ADDED ENTRY--PERSONAL NAME
9 (RLIN) 1453
Personal name Brown, Natalie
Relator term coordinador
942 ## - ADDED ENTRY ELEMENTS (KOHA)
Koha item type Libros
Source of classification or shelving scheme Dewey Decimal Classification
Existencias
Fecha de la última vez que lo usaron Número de ingreso o de inventario Pago total Signatura topográfica completa Precio efectivo desde Tipo de documento Estado perdido Sistema de clasificación Estado dañado No es para préstamo Retirado Ubicación permanente Ubicación actual Fecha de adquisición Fuente de adquisición
31/08/2023 16654   720.92/A81 31/08/2023 Libros   Dewey Decimal Classification       Biblioteca Central Lima Biblioteca Central Lima 14/08/2023 Comprado de la librería Megabook